000 00673nam a22001817a 4500
008 161014b xxu||||| |||| 00| 0 eng d
020 _a9710869949
082 _22009
_aDFil 375.001
_bP18
100 _916175
_aPalma, Jesus C.
245 _aCurriculum development system:
_ba handbook for school practitioners in basic education/
_cJesus C. Palma
250 _aSecond edition
260 _aMandaluyong City:
_bNational Book Store,
_cc2009.
300 _av, 205 pages:
_billustrations;
_c22 cm.
500 _aIncludes index, bibliographical references and appendices.
650 0 _916176
_aCurriculum
_vHandbooks, manuals, etc.
365 _b635.00
_cPhp.
942 _2ddc
_cDFIL
999 _c5210
_d5210